| 000 | 004170000a22001690004500 | ||
|---|---|---|---|
| 003 | MACL | ||
| 005 | 20160106125728.0 | ||
| 008 | 160106b xxu||||| |||| 00| 0 eng d | ||
| 040 |
_aMACL _cMACL |
||
| 041 | _aEnglish | ||
| 082 | _a900/LAP | ||
| 100 |
_aGandhi, M K _98264 |
||
| 245 | _aFor Pacifists | ||
| 260 |
_bNavajivan Publishing House _c1949 _aAhmedabad |
||
| 650 |
_aHistory _928574 |
||
| 942 |
_cBK _k900/LAP _2ddc |
||
| 999 |
_c38424 _d38424 |
||